| 000 | 00333nam a2200121Ia 4500 | ||
|---|---|---|---|
| 008 | 210430s9999 xx 000 0 und d | ||
| 082 | _a541.361 T929 I | ||
| 100 | _aStrephen R.Turns | ||
| 245 | 3 |
_aAn Introduction To Combustion _cStrephen R.Turns |
|
| 260 |
_aUnited states _bMcGraw-Hill _c2000 |
||
| 300 | _a 676p | ||
| 942 |
_cBK _2ddc |
||
| 999 |
_c562903 _d562903 |
||